[Event "Titled Tue 1st Jul Late"]
[Site "chess.com INT"]
[Date "2025.07.01"]
[Round "1"]
[White "Popilski, Gil"]
[Black "Ciocan, Maria-Alexandra"]
[Result "1-0"]
[WhiteTitle "GM"]
[WhiteElo "2431"]
[BlackElo "1998"]
[WhiteFideId "2809060"]
[BlackFideId "1227130"]
[EventDate "2025.07.01"]

1. Nf3 Nf6 2. c4 g6 3. b3 Bg7 4. Bb2 b6 5. g3 Bb7 6. Bg2 d6 7. O-O O-O 8. d4 c5
9. d5 b5 10. cxb5 Bxd5 11. Bxf6 Bxf6 12. Qxd5 Nd7 13. Nbd2 Bxa1 14. Rxa1 Nf6 15.
Qd3 Rb8 16. a4 d5 17. Ne5 Qd6 18. Nc6 Rb7 19. e4 dxe4 20. Qxd6 exd6 21. Nxe4
Nxe4 22. Bxe4 Rd7 23. Bd5 Kg7 24. a5 Re8 25. b6 axb6 26. a6 Rc7 27. Nb4 1-0

[Event "Titled Tue 1st Jul Late"]
[Site "chess.com INT"]
[Date "2025.07.01"]
[Round "1"]
[White "Habans Aguerrea, Javier"]
[Black "Kocharin, Timur"]
[Result "1-0"]
[WhiteTitle "IM"]
[BlackTitle "FM"]
[WhiteElo "2448"]
[BlackElo "2304"]
[WhiteFideId "24524689"]
[BlackFideId "16240936"]
[EventDate "2025.07.01"]

1. b3 e5 2. Bb2 Nc6 3. g3 Nge7 4. Bg2 d5 5. e3 g6 6. Ne2 Bg7 7. d3 O-O 8. Nd2 a5
9. a3 Be6 10. O-O Qd7 11. c4 Rad8 12. cxd5 Bxd5 13. Ne4 b6 14. N2c3 Be6 15. Ng5
Bg4 16. Qc1 h6 17. Nge4 Qxd3 18. h3 Be6 19. Rd1 Qa6 20. Qc2 f5 21. Nd2 e4 22.
Bf1 Qb7 23. Nb5 Bxb2 24. Qxb2 Rd7 25. Rac1 Rfd8 26. Rc2 Na7 27. Nd4 Bf7 28. Nc4
c5 29. Ne5 cxd4 30. Nxd7 Rxd7 31. Rxd4 Nac6 32. Rxd7 Qxd7 33. Rd2 Qc7 34. Qf6
Qe5 35. Rd8+ Nxd8 36. Qxe5 Ndc6 37. Qc3 Bd5 38. b4 axb4 39. axb4 Kf7 40. b5 Nd8
41. Qc7 1-0

[Event "Titled Tue 1st Jul Late"]
[Site "chess.com INT"]
[Date "2025.07.01"]
[Round "1"]
[White "Kislinsky, Alexey"]
[Black "Dzida, Kamil"]
[Result "1-0"]
[WhiteTitle "GM"]
[BlackTitle "IM"]
[WhiteElo "2341"]
[BlackElo "2411"]
[WhiteFideId "14108801"]
[BlackFideId "21828652"]
[EventDate "2025.07.01"]

1. d4 Nf6 2. c4 e6 3. Nf3 d5 4. e3 b6 5. Nbd2 Bb7 6. Bd3 Nbd7 7. O-O Bd6 8. Qe2
Ne4 9. b3 O-O 10. Bb2 f5 11. cxd5 exd5 12. Ne5 Qe7 13. f4 c5 14. Ndf3 Ndf6 15.
Rac1 Rac8 16. Rc2 Rc7 17. Rfc1 Rfc8 18. Qe1 cxd4 19. Bxd4 g6 20. h3 Nc5 21. Bf1
Nfe4 22. Kh2 Ba6 23. Bxc5 Bxf1 24. Bxd6 Rxc2 25. Rxc2 Rxc2 26. Qxf1 Qxd6 27. Qb5
Qe7 28. Qxd5+ Kg7 29. Nd4 Rc8 30. Ne6+ Kh6 31. g4 Qh4 32. g5+ Nxg5 33. fxg5+ Kh5
34. Qf3+ Qg4 35. hxg4+ fxg4 36. Qxg4# 1-0

[Event "Titled Tue 1st Jul Late"]
[Site "chess.com INT"]
[Date "2025.07.01"]
[Round "1"]
[White "Lie, Kjetil A."]
[Black "Patel, Maahir M"]
[Result "0-1"]
[WhiteTitle "GM"]
[WhiteElo "2493"]
[BlackElo "2106"]
[WhiteFideId "1501984"]
[BlackFideId "30995612"]
[EventDate "2025.07.01"]

1. e4 e5 2. Nf3 Nc6 3. d4 exd4 4. Nxd4 Nf6 5. Nxc6 bxc6 6. Nd2 Bc5 7. Bd3 O-O 8.
O-O d5 9. exd5 cxd5 10. Nb3 Bb6 11. Bg5 h6 12. Bh4 a5 13. a4 Bb7 14. Qf3 g5 15.
Bg3 Ne4 16. Rad1 Qe7 17. Rfe1 Rae8 18. c4 Qb4 19. c5 Nxc5 20. Rxe8 Rxe8 21. Nxc5
Re1+ 22. Bf1 Bxc5 23. Rxe1 Qxe1 24. Qd3 Bc6 25. h4 Bxa4 26. Qxd5 Bb5 27. Qxc5
Bxf1 28. Kh2 Qe4 29. hxg5 Qxg2# 0-1

[Event "Titled Tue 1st Jul Late"]
[Site "chess.com INT"]
[Date "2025.07.01"]
[Round "1"]
[White "Beerdsen, Thomas"]
[Black "Dambaev, Dashi"]
[Result "1-0"]
[WhiteTitle "GM"]
[BlackTitle "CM"]
[WhiteElo "2538"]
[BlackElo "2211"]
[WhiteFideId "1030108"]
[BlackFideId "55628494"]
[EventDate "2025.07.01"]

1. e4 c5 2. Nf3 d6 3. d4 cxd4 4. Nxd4 Nf6 5. Nc3 g6 6. h3 Bg7 7. Nf3 O-O 8. Bc4
Nc6 9. O-O a6 10. Qe2 b5 11. Bb3 Bb7 12. Bg5 Nd7 13. Rad1 h6 14. Bh4 g5 15. Bxg5
hxg5 16. Nxg5 Nf6 17. Nd5 e6 18. Nxf6+ Qxf6 19. Qg4 Ne5 20. Qg3 Nc4 21. f4 Rad8
22. f5 Qe5 23. Qh4 Rfe8 24. fxe6 f6 25. Qh7+ Kf8 26. Qg6 Re7 27. Nh7+ Kg8 28.
Nxf6+ Kf8 29. Bxc4 Qc5+ 30. Kh1 Qxc4 31. Rd3 Qxc2 32. Rxd6 Rxd6 33. Nd7+ Kg8 34.
Rf8# 1-0

[Event "Titled Tue 1st Jul Late"]
[Site "chess.com INT"]
[Date "2025.07.01"]
[Round "1"]
[White "Dudzinski, Pawel"]
[Black "Niemann, Hans Moke"]
[Result "0-1"]
[WhiteTitle "FM"]
[BlackTitle "GM"]
[WhiteElo "2191"]
[BlackElo "2736"]
[WhiteFideId "1117890"]
[BlackFideId "2093596"]
[EventDate "2025.07.01"]

1. e4 c6 2. d4 d5 3. exd5 cxd5 4. Bd3 Nc6 5. c3 Nf6 6. h3 g6 7. Nf3 Bf5 8. O-O
e6 9. Re1 Bd6 10. Ne5 h5 11. Nxc6 bxc6 12. Bg5 Be7 13. Bxf6 Bxf6 14. Na3 Rb8 15.
b4 Bxd3 16. Qxd3 a5 17. Nc2 O-O 18. a3 Qc7 19. Re2 Ra8 20. Qd1 Kg7 21. Ne1 e5
22. dxe5 Bxe5 23. Rc1 Bf6 24. Nd3 axb4 25. axb4 Ra3 26. Rec2 Re8 27. Nc5 Qa7 28.
c4 d4 29. Re2 Rxe2 30. Qxe2 h4 31. Nd3 Qd7 0-1

[Event "Titled Tue 1st Jul Late"]
[Site "chess.com INT"]
[Date "2025.07.01"]
[Round "1"]
[White "Bok, Benjamin"]
[Black "Jimenez Almeida, Luis David"]
[Result "1-0"]
[WhiteTitle "GM"]
[BlackTitle "FM"]
[WhiteElo "2582"]
[BlackElo "2188"]
[WhiteFideId "1017063"]
[BlackFideId "22242244"]
[EventDate "2025.07.01"]

1. d4 Nf6 2. c4 c5 3. d5 b5 4. cxb5 a6 5. bxa6 g6 6. Nc3 Bg7 7. a7 Rxa7 8. e4
O-O 9. Nf3 d6 10. Be2 Ba6 11. O-O Nfd7 12. a4 c4 13. Be3 Rb7 14. Rb1 Qa5 15. Bd4
Nc5 16. Bxg7 Kxg7 17. Bxc4 Bxc4 18. Qd4+ Kg8 19. Qxc4 Rb4 20. Qe2 Nbd7 21. Rfd1
Rfb8 22. Nd4 Ne5 23. Nc6 Nxc6 24. dxc6 Nxa4 25. c7 Rc8 26. Nd5 Rxc7 27. Nxb4
Qxb4 28. h3 Nc5 29. e5 dxe5 30. Rd8+ Kg7 31. Qxe5+ f6 32. Qxc7 1-0

[Event "Titled Tue 1st Jul Late"]
[Site "chess.com INT"]
[Date "2025.07.01"]
[Round "1"]
[White "Lebedev, Artem S."]
[Black "Shapiro, Daniel"]
[Result "1-0"]
[WhiteTitle "CM"]
[BlackTitle "FM"]
[WhiteElo "2164"]
[BlackElo "2284"]
[WhiteFideId "34272747"]
[BlackFideId "2001780"]
[EventDate "2025.07.01"]

1. e4 c5 2. Nf3 Nc6 3. d4 cxd4 4. Nxd4 Nf6 5. Nc3 d6 6. Bg5 Qb6 7. Bb5 Bd7 8.
Be3 Qa5 9. O-O e6 10. f4 h5 11. h3 Be7 12. Qf3 e5 13. fxe5 Nxe5 14. Bxd7+ Nfxd7
15. Qe2 g6 16. Nd5 Bf8 17. Nb5 Rc8 18. Nxa7 Rc4 19. Nb5 Bg7 20. Nxd6+ 1-0

[Event "Titled Tue 1st Jul Late"]
[Site "chess.com INT"]
[Date "2025.07.01"]
[Round "1"]
[White "Rizzo, Tobias"]
[Black "Salinas Herrera, Pablo"]
[Result "0-1"]
[BlackTitle "GM"]
[WhiteElo "1955"]
[BlackElo "2447"]
[WhiteFideId "30942691"]
[BlackFideId "3407128"]
[EventDate "2025.07.01"]

1. Nf3 d5 2. g3 Bg4 3. Ne5 Bf5 4. Bg2 e6 5. c4 c6 6. Qb3 Qb6 7. O-O Nf6 8. d4
Nbd7 9. Nxd7 Nxd7 10. Nc3 Nf6 11. c5 Qc7 12. Bf4 Qc8 13. Rfe1 Be7 14. Rad1 O-O
15. f3 h6 16. e4 Bg6 17. Qa4 b6 18. b4 a5 19. bxa5 bxc5 20. dxc5 Bxc5+ 21. Kh1
Qa6 22. Bc7 Rfc8 23. Bf1 Qa7 24. Be5 Qxa5 25. Qc2 Nd7 26. Bf4 Bb4 27. Bd2 d4 28.
Ne2 Bxd2 29. Rxd2 c5 30. Nc1 Ne5 31. Kg2 c4 32. f4 d3 33. Qd1 Nc6 34. Bxd3 cxd3
35. Nxd3 Rd8 36. Qc2 Nd4 37. Qd1 Nb5 38. Qe2 Bxe4+ 0-1

[Event "Titled Tue 1st Jul Late"]
[Site "chess.com INT"]
[Date "2025.07.01"]
[Round "1"]
[White "Bouska, Jiri"]
[Black "Papacek, Stepan"]
[Result "1-0"]
[WhiteTitle "FM"]
[BlackTitle "FM"]
[WhiteElo "2318"]
[BlackElo "2225"]
[WhiteFideId "23722223"]
[BlackFideId "301035"]
[EventDate "2025.07.01"]

1. e4 e6 2. d4 d5 3. exd5 exd5 4. Nf3 Nc6 5. Bd3 Bd6 6. O-O Nge7 7. Re1 Bg4 8.
c3 Qd7 9. Nbd2 O-O-O 10. b4 Ng6 11. Qa4 Kb8 12. b5 Nce7 13. Ne5 Bxe5 14. dxe5
Nc8 15. Nb3 Nb6 16. Qd4 Bf5 17. Nc5 Qc8 18. Bf1 Rhe8 19. Bg5 Rd7 20. Nxd7+ Nxd7
21. Qxd5 Ndxe5 22. Rad1 f6 23. Be3 Ng4 24. Bxa7+ Kxa7 25. Rxe8 Qxe8 26. Qxf5
N4e5 27. Qe4 Qe7 28. Qd4+ b6 29. a4 1-0

[Event "Titled Tue 1st Jul Late"]
[Site "chess.com INT"]
[Date "2025.07.01"]
[Round "1"]
[White "Leiva, Gianmarco"]
[Black "Brancaleoni, Maurizio"]
[Result "0-1"]
[WhiteTitle "IM"]
[BlackTitle "FM"]
[WhiteElo "2387"]
[BlackElo "2185"]
[WhiteFideId "3804399"]
[BlackFideId "803022"]
[EventDate "2025.07.01"]

1. d4 Nf6 2. Bf4 d6 3. Nc3 Nbd7 4. Nf3 c5 5. d5 Qa5 6. Nd2 b5 7. a3 a6 8. e4 g6
9. Be2 Bg7 10. O-O O-O 11. Re1 Qb6 12. Bf1 Bb7 13. a4 b4 14. Nc4 Qc7 15. Nb1 Nh5
16. Bg5 Bf6 17. Bxf6 exf6 18. a5 Rfe8 19. Nbd2 Rab8 20. Be2 Ng7 21. f4 f5 22.
Bf3 fxe4 23. Nxe4 Nf5 24. Bg4 Nd4 25. Bxd7 Rxe4 26. Rxe4 Qxd7 27. Rxd4 cxd4 28.
Qxd4 Re8 29. Rf1 f5 30. b3 Re4 31. Qd2 Qe7 32. Rd1 Re2 33. Qxb4 Qe4 34. Ne3 Qxb4 0-1

[Event "Titled Tue 1st Jul Late"]
[Site "chess.com INT"]
[Date "2025.07.01"]
[Round "1"]
[White "Boyer, Mahel"]
[Black "Radionov, Timur"]
[Result "1-0"]
[WhiteTitle "GM"]
[BlackTitle "FM"]
[WhiteElo "2523"]
[BlackElo "2200"]
[WhiteFideId "45102422"]
[BlackFideId "34178772"]
[EventDate "2025.07.01"]

1. Nf3 d5 2. d3 Nc6 3. e4 dxe4 4. dxe4 Qxd1+ 5. Kxd1 Bg4 6. Be3 O-O-O+ 7. Nd2 e5
8. h3 Bxf3+ 9. gxf3 f6 10. c3 h5 11. Kc2 a6 12. a4 h4 13. b4 g5 14. b5 Nb8 15.
Bc4 c5 16. Be6+ Kc7 17. Nc4 b6 18. Rhd1 Rxd1 19. Rxd1 a5 20. Nxb6 Kxb6 21. Rd8
Ne7 22. Rxb8+ Kc7 23. Re8 Ng6 24. Bf5 Nf4 25. Bxc5 Bxc5 26. Rxh8 Bxf2 27. c4 Ne2
28. c5 Nd4+ 29. Kd3 Nxf3 30. b6+ Kb7 31. Rh7+ Kb8 32. Kc4 Nd4 33. Kd5 Nb3 34.
Rh8+ Kb7 35. Bc8+ Kb8 36. Ba6# 1-0

[Event "Titled Tue 1st Jul Late"]
[Site "chess.com INT"]
[Date "2025.07.01"]
[Round "1"]
[White "Nihal, Sarin"]
[Black "Mizzi, Jack"]
[Result "1-0"]
[WhiteTitle "GM"]
[BlackTitle "CM"]
[WhiteElo "2696"]
[BlackElo "2107"]
[WhiteFideId "25092340"]
[BlackFideId "5602521"]
[EventDate "2025.07.01"]

1. Nf3 Nf6 2. g3 b6 3. Bg2 Bb7 4. O-O e6 5. c4 c5 6. Nc3 Be7 7. b3 O-O 8. Bb2
Nc6 9. d4 cxd4 10. Nxd4 Rc8 11. Rc1 Ba8 12. Nxc6 Bxc6 13. Qd3 Bxg2 14. Kxg2 Qc7
15. Rfd1 Qb7+ 16. Qf3 Qxf3+ 17. Kxf3 Rfd8 18. Nb5 a6 19. Nd6 Rc6 20. Bxf6 Bxf6
21. Nb7 Rdc8 22. Rxd7 R6c7 23. Nd6 Rxd7 24. Nxc8 Bd8 25. c5 bxc5 26. Rxc5 Kf8
27. Rc6 Rc7 28. Rxc7 Bxc7 29. Na7 Ke8 30. Nc6 Kd7 31. Nb4 a5 32. Nd3 Kc6 33. Ke4
Kb5 34. a4+ Kc6 35. Kd4 f6 36. Kc4 Bd6 37. e4 h5 38. Nf4 h4 39. Nxe6 hxg3 40.
hxg3 g5 41. f4 gxf4 42. gxf4 Be7 43. Nd4+ Kd6 44. Nf5+ 1-0

[Event "Titled Tue 1st Jul Late"]
[Site "chess.com INT"]
[Date "2025.07.01"]
[Round "1"]
[White "Demchenko, Yaroslav"]
[Black "Pica, Eleni"]
[Result "1-0"]
[WhiteTitle "CM"]
[BlackTitle "WCM"]
[WhiteElo "2263"]
[BlackElo "1686"]
[WhiteFideId "14186667"]
[BlackFideId "5910005"]
[EventDate "2025.07.01"]

1. d4 d5 2. Bf4 Nf6 3. Nf3 Bf5 4. e3 e6 5. Nbd2 Bd6 6. Ne5 c5 7. c3 Nc6 8. Bb5
Rc8 9. Qa4 Bxe5 10. Bxe5 a6 11. Be2 O-O 12. Bg3 cxd4 13. exd4 Ne4 14. Nxe4 Bxe4
15. O-O Ne7 16. h3 Bg6 17. Qd1 Nf5 18. Bh2 b5 19. a4 Qg5 20. axb5 axb5 21. Bxb5
Nh4 22. Qg4 Qxg4 23. hxg4 Rb8 24. Bxb8 Rxb8 25. Bc6 Bd3 26. Rfd1 Be2 27. Rd2 Bc4
28. Ra8 Rxa8 29. Bxa8 Ng6 30. g3 Ne7 31. b3 Ba6 32. Ra2 Bc8 33. Bb7 Bxb7 34. Ra7
Bc6 35. Rxe7 Kf8 36. Rc7 Be8 37. c4 dxc4 38. bxc4 f6 39. d5 exd5 40. cxd5 Bf7
41. d6 Ke8 42. Re7+ Kf8 43. Ra7 Be6 44. d7 1-0

[Event "Titled Tue 1st Jul Late"]
[Site "chess.com INT"]
[Date "2025.07.01"]
[Round "1"]
[White "Rees, Ioan"]
[Black "Kravtsiv, Martyn"]
[Result "0-1"]
[WhiteTitle "FM"]
[BlackTitle "GM"]
[WhiteElo "2280"]
[BlackElo "2598"]
[WhiteFideId "1801236"]
[BlackFideId "14113147"]
[EventDate "2025.07.01"]

1. d4 d5 2. c4 e6 3. Nf3 Nf6 4. g3 Be7 5. Bg2 O-O 6. Nc3 c6 7. O-O a5 8. Qd3 b6
9. Ne5 Ba6 10. Rd1 dxc4 11. Qc2 Nd5 12. Ne4 Nb4 13. Qc3 b5 14. b3 f6 15. Nf3 Nd7
16. bxc4 bxc4 17. Bf4 Nd5 18. Qc2 Nxf4 19. gxf4 Qc7 20. e3 c5 21. Ned2 Rac8 22.
Rac1 Nb6 23. Bh3 f5 24. Ne5 cxd4 25. exd4 c3 26. Ndf3 Nd5 27. Ng5 Nxf4 28. Nef3
Bxg5 29. Nxg5 Qe7 0-1

[Event "Titled Tue 1st Jul Late"]
[Site "chess.com INT"]
[Date "2025.07.01"]
[Round "1"]
[White "Itkis, Boris"]
[Black "Akkara, Omer"]
[Result "1-0"]
[WhiteTitle "IM"]
[BlackTitle "CM"]
[WhiteElo "2270"]
[BlackElo "2036"]
[WhiteFideId "1209167"]
[BlackFideId "26319802"]
[EventDate "2025.07.01"]

1. e4 e5 2. d4 exd4 3. Qxd4 Nc6 4. Qe3 g6 5. Nc3 Bg7 6. Bd2 d6 7. O-O-O Nge7 8.
f4 O-O 9. Nf3 a6 10. h4 h5 11. Be2 Be6 12. Ng5 Qd7 13. Nxe6 Qxe6 14. g4 hxg4 15.
h5 gxh5 16. Rxh5 f5 17. Qg3 Qg6 18. Rg5 Qf7 19. exf5 Nxf5 20. Qxg4 Ncd4 21. Rg1
Rae8 22. Bd3 Re7 23. Be1 Qe6 24. Bf2 Rff7 25. Bxd4 Nxd4 26. Qh5 Qe3+ 27. Kb1 Kf8
28. Qh8+ Bxh8 29. Rg8# 1-0

[Event "Titled Tue 1st Jul Late"]
[Site "chess.com INT"]
[Date "2025.07.01"]
[Round "1"]
[White "Mika, Tomasz"]
[Black "Ibrahimli, Murad"]
[Result "0-1"]
[WhiteTitle "CM"]
[BlackTitle "IM"]
[WhiteElo "2227"]
[BlackElo "2448"]
[WhiteFideId "1132970"]
[BlackFideId "13410229"]
[EventDate "2025.07.01"]

1. e4 c5 2. Nf3 d6 3. d4 cxd4 4. Nxd4 Nf6 5. Nc3 a6 6. Bc4 e6 7. Bb3 Nbd7 8. Be3
Nc5 9. f3 Qc7 10. Qe2 b5 11. O-O-O Bd7 12. g4 b4 13. Nb1 Be7 14. h4 a5 15. Bc4
O-O 16. h5 d5 17. Bb5 dxe4 18. Bxd7 Nfxd7 19. g5 Nd3+ 20. Rxd3 exd3 21. Qxd3 Ne5
22. Qe4 Nc4 23. Bf4 e5 24. Nf5 Rac8 25. g6 Bf6 26. gxh7+ Kh8 27. Bg3 Qc6 28.
Qxc6 Rxc6 29. b3 Nd6 30. Ne3 Bg5 31. Bf2 Nf5 32. Re1 Rfc8 33. Kd1 Bxe3 34. Bxe3
Rxc2 35. Nd2 Rc1+ 36. Ke2 Rxe1+ 0-1

[Event "Titled Tue 1st Jul Late"]
[Site "chess.com INT"]
[Date "2025.07.01"]
[Round "1"]
[White "Sowinski, Pawel"]
[Black "Abraham, John Z"]
[Result "1-0"]
[WhiteTitle "IM"]
[WhiteElo "2451"]
[BlackElo "2108"]
[WhiteFideId "21881979"]
[BlackFideId "30987318"]
[EventDate "2025.07.01"]

1. Nf3 d5 2. g3 Nf6 3. Bg2 Bg4 4. c4 e6 5. Qb3 b6 6. Nc3 c6 7. cxd5 exd5 8. O-O
Be7 9. d3 O-O 10. e4 dxe4 11. dxe4 Be6 12. Qc2 Bc4 13. Rd1 Qc7 14. Bf4 Qb7 15.
Nd4 b5 16. b3 b4 17. bxc4 bxc3 18. Rab1 Qa6 19. Nf5 Bc5 20. e5 Nfd7 21. Qxc3 Qc8
22. Nd6 Bxd6 23. exd6 a5 24. Re1 a4 25. Re7 a3 26. Bh3 Qd8 27. Rbe1 Ra5 28. Bxd7
Nxd7 29. Rxd7 Qxd7 30. Qxa5 Re8 31. Rxe8+ Qxe8 32. d7 Qxd7 33. Qa8+ 1-0

[Event "Titled Tue 1st Jul Late"]
[Site "chess.com INT"]
[Date "2025.07.01"]
[Round "1"]
[White "Stalmach, Richard"]
[Black "Deac, Bogdan-Daniel"]
[Result "0-1"]
[WhiteTitle "IM"]
[BlackTitle "GM"]
[WhiteElo "2444"]
[BlackElo "2674"]
[WhiteFideId "372048"]
[BlackFideId "1226380"]
[EventDate "2025.07.01"]

1. d4 Nf6 2. c4 e6 3. Nf3 d5 4. g3 dxc4 5. Bg2 Nc6 6. Qa4 Bd7 7. Qxc4 Na5 8. Qc2
Rc8 9. Nc3 c5 10. O-O cxd4 11. Nxd4 Bb4 12. Rd1 O-O 13. Bd2 Qb6 14. e3 Nc4 15.
Be1 Rfd8 16. a3 Be7 17. b3 Nxa3 18. Qd3 e5 19. Nf5 Bf8 20. Nd5 Nxd5 21. Bxd5 g6
22. Nh4 Bc6 23. e4 Qb5 24. Qf3 Bxd5 25. exd5 Nc2 26. Rac1 Nd4 27. Qe4 Rxc1 0-1

[Event "Titled Tue 1st Jul Late"]
[Site "chess.com INT"]
[Date "2025.07.01"]
[Round "1"]
[White "Klepek, Witold"]
[Black "Gokerkan, Cem Kaan"]
[Result "0-1"]
[WhiteTitle "CM"]
[BlackTitle "GM"]
[WhiteElo "2253"]
[BlackElo "2489"]
[WhiteFideId "1175068"]
[BlackFideId "6336760"]
[EventDate "2025.07.01"]

1. c4 g6 2. Nf3 Bg7 3. d4 Nf6 4. Nc3 O-O 5. e4 d6 6. Be2 e5 7. O-O Nc6 8. d5 Ne7
9. b4 Nd7 10. a4 f5 11. Ng5 Nf6 12. Bf3 Nxe4 13. Ngxe4 fxe4 14. Bxe4 Nf5 15. a5
a6 16. c5 Nd4 17. Be3 Qh4 18. cxd6 cxd6 19. b5 axb5 20. f3 Bf5 21. Qd3 b4 22.
Bxd4 exd4 23. Nb5 Be5 24. g3 Bxg3 25. hxg3 Qxg3+ 26. Kh1 Qh4+ 27. Kg1 Bh3 28.
Ra2 Qg3+ 29. Kh1 Bxf1 30. Qxf1 Rf4 31. Rg2 Rh4+ 32. Kg1 Qf4 33. Nxd4 Rc8 34. Ne6
Qe3+ 35. Qf2 Rc1# 0-1

[Event "Titled Tue 1st Jul Late"]
[Site "chess.com INT"]
[Date "2025.07.01"]
[Round "1"]
[White "Siekanska, Zuzanna"]
[Black "Noroozi, Omid"]
[Result "0-1"]
[WhiteTitle "WCM"]
[BlackTitle "IM"]
[WhiteElo "1864"]
[BlackElo "2266"]
[WhiteFideId "21852537"]
[BlackFideId "12501190"]
[EventDate "2025.07.01"]

1. d4 Nf6 2. c4 e6 3. Nf3 d5 4. Nc3 dxc4 5. a4 Nc6 6. e3 Na5 7. Ne5 Bb4 8. Nxc4
O-O 9. Nxa5 Bxa5 10. Bd3 Nd5 11. O-O f5 12. Bd2 Bxc3 13. bxc3 Bd7 14. c4 Nf6 15.
Qb3 Bc6 16. Rad1 Qe8 17. Bc2 Qg6 18. f3 Rad8 19. Bb4 Rfe8 20. a5 Qh6 21. Rfe1
Nh5 22. d5 exd5 23. cxd5 Bd7 24. d6+ Be6 25. Qc3 cxd6 26. Rxd6 Rxd6 27. Bxd6 Bf7
28. Bc5 b6 29. axb6 axb6 30. Ba3 Qg5 31. Bb2 Nf6 32. h3 Nd5 33. Qd4 Nxe3 34.
Rxe3 Qxe3+ 0-1

[Event "Titled Tue 1st Jul Late"]
[Site "chess.com INT"]
[Date "2025.07.01"]
[Round "1"]
[White "Reprintsev, Alexander"]
[Black "Castillo Pena, Patricia Evarista"]
[Result "1-0"]
[WhiteTitle "IM"]
[BlackTitle "WFM"]
[WhiteElo "2256"]
[BlackElo "1909"]
[WhiteFideId "14100541"]
[BlackFideId "6412106"]
[EventDate "2025.07.01"]

1. e4 c5 2. b3 d6 3. Bb2 Nf6 4. Bxf6 exf6 5. Bd3 Nc6 6. Nc3 g6 7. Nge2 Bg7 8. f4
O-O 9. f5 Ne5 10. Nf4 a6 11. a4 Rb8 12. O-O Nxd3 13. cxd3 b5 14. axb5 axb5 15.
Ncd5 Re8 16. Ra7 Rb7 17. Ra8 c4 18. bxc4 bxc4 19. dxc4 Rxe4 20. d3 Re8 21. Qa4
Qd7 22. Qxd7 Bxd7 23. Rxe8+ Bxe8 24. Ra1 Rb8 25. Ra6 Rd8 26. Ra7 Kf8 27. Kf2 Bh6
28. g3 Bg7 29. Ke2 Bc6 30. Kd2 Ra8 31. Rxa8+ Bxa8 32. Kc3 Ke8 33. Nc7+ 1-0

[Event "Titled Tue 1st Jul Late"]
[Site "chess.com INT"]
[Date "2025.07.01"]
[Round "1"]
[White "Nepomniachtchi, Ian"]
[Black "Meduri, Aakaash"]
[Result "1-0"]
[WhiteTitle "GM"]
[WhiteElo "2757"]
[BlackElo "2043"]
[WhiteFideId "4168119"]
[BlackFideId "2032252"]
[EventDate "2025.07.01"]

1. e4 d6 2. d4 Nf6 3. Nc3 e5 4. Nf3 Nbd7 5. Bc4 Be7 6. O-O exd4 7. Qxd4 O-O 8.
Re1 Nb6 9. Bf1 Bg4 10. Qd3 Re8 11. a4 a5 12. Nd4 c6 13. b3 Qc7 14. Bb2 Rad8 15.
Qg3 Qc8 16. h3 Bh5 17. Nf5 Bg6 18. Nxe7+ Rxe7 19. Bd3 Nbd7 20. Ne2 Ne5 21. Nf4
Rde8 22. Rad1 Qc7 23. f3 Qb6+ 24. Kh2 Qc7 25. Bf1 Nfd7 26. h4 f6 27. h5 Bf7 28.
h6 g6 29. Nh3 Nf8 30. Nf2 Ne6 31. f4 Nd7 32. Ng4 Qd8 33. Nxf6+ Nxf6 34. Bxf6 Qd7
35. f5 Nf8 36. Rxd6 Qc7 37. Bxe7 Qxe7 38. Bc4 Bxc4 39. bxc4 Qf7 40. c5 Re7 41.
Rf1 1-0

[Event "Titled Tue 1st Jul Late"]
[Site "chess.com INT"]
[Date "2025.07.01"]
[Round "1"]
[White "Stojanovski, Sandi"]
[Black "Tica, Sven"]
[Result "1-0"]
[WhiteTitle "FM"]
[BlackTitle "IM"]
[WhiteElo "2169"]
[BlackElo "2442"]
[WhiteFideId "1403249"]
[BlackFideId "14526948"]
[EventDate "2025.07.01"]

1. d3 g6 2. Nf3 Bg7 3. g3 d6 4. Bg2 Nd7 5. O-O e5 6. c4 Ne7 7. Nc3 O-O 8. Rb1 h6
9. b4 f5 10. Qc2 g5 11. e3 Ng6 12. Bb2 Nf6 13. Nd5 Nxd5 14. cxd5 f4 15. exf4
gxf4 16. Rfe1 Bg4 17. Nd2 f3 18. Bf1 h5 19. Rbc1 Rf7 20. d4 Bf5 21. Bd3 Qg5 22.
Bxf5 Rxf5 23. dxe5 Qg4 24. Kh1 h4 25. Rg1 Rh5 26. gxh4 Qxh4 27. Nxf3 Qf4 28.
Qxg6 Qxf3+ 29. Rg2 1-0

[Event "Titled Tue 1st Jul Late"]
[Site "chess.com INT"]
[Date "2025.07.01"]
[Round "1"]
[White "Venskaya, Nika"]
[Black "Rozman, Levy"]
[Result "1-0"]
[WhiteTitle "WCM"]
[BlackTitle "IM"]
[WhiteElo "1926"]
[BlackElo "2324"]
[WhiteFideId "13523503"]
[BlackFideId "2039877"]
[EventDate "2025.07.01"]

1. d4 Nf6 2. c4 g6 3. Nf3 Bg7 4. g3 O-O 5. Bg2 d6 6. O-O Nc6 7. Nc3 e5 8. d5 Nb8
9. e4 a5 10. h3 Na6 11. Ne1 Nc5 12. Be3 Nfd7 13. Nd3 b6 14. Rc1 f5 15. f4 exf4
16. Nxf4 Ne5 17. Bxc5 bxc5 18. Ne6 Bxe6 19. dxe6 Rb8 20. exf5 Rxb2 21. Nd5 Rxf5
22. Rxf5 gxf5 23. Qh5 Ng6 24. Qxf5 c6 25. Qf7+ Kh8 26. e7 Nxe7 27. Nxe7 Rxa2 28.
Re1 Qf8 29. Ng6+ 1-0

[Event "Titled Tue 1st Jul Late"]
[Site "chess.com INT"]
[Date "2025.07.01"]
[Round "1"]
[White "Sailer, Mike"]
[Black "Leenhouts, Koen"]
[Result "0-1"]
[BlackTitle "GM"]
[WhiteElo "2108"]
[BlackElo "2476"]
[WhiteFideId "2012901"]
[BlackFideId "1008439"]
[EventDate "2025.07.01"]

1. d4 d5 2. Nf3 Nf6 3. e3 e6 4. Bd3 Bd6 5. b3 O-O 6. Bb2 Ne4 7. Nbd2 f5 8. Ne5
Nd7 9. O-O Nxe5 10. dxe5 Be7 11. f3 Nc5 12. f4 Bd7 13. Qe2 Ne4 14. Bxe4 fxe4 15.
c4 c6 16. Rac1 Be8 17. cxd5 cxd5 18. Nb1 Bc6 19. Ba3 Bxa3 20. Nxa3 Qa5 21. Qb2
Rac8 22. Rc3 Bd7 23. Rfc1 Rxc3 24. Rxc3 Qb6 25. Nc2 Rxf4 26. Nd4 Rf8 27. Qc1 Qa5
28. Qc2 Qa6 29. h3 Qf1+ 30. Kh2 Rf2 31. Rc8+ Kf7 32. Rf8+ Kxf8 33. Qc5+ 0-1